Aventuras del Cuy : Lima, 1813 /
Spremljeno u:
| Glavni autor: | |
|---|---|
| Format: | Knjiga |
| Jezik: | španjolski |
| Izdano: |
La Habana, Cuba :
Pablo de la Torriente,
199, c1989
|
| Teme: | |
| Oznake: |
Bez oznaka, Budi prvi tko označuje ovaj zapis!
|
MARC
| LEADER | 00000nam^a2200000^a^4500 | ||
|---|---|---|---|
| 001 | 000395998 | ||
| 005 | 20250521000000.0 | ||
| 009 | 20260310121417.484 | ||
| 037 | |a Acervo ITESO - Biblioteca | ||
| 041 | |a ESP | ||
| 082 | |a 741. 53 |b ACE | ||
| 100 | |a Acevedo, Juan |e (autor) | ||
| 245 | 1 | 0 | |a Aventuras del Cuy : |b Lima, 1813 / |c J. Acevedo. |
| 264 | 4 | |a La Habana, Cuba : |b Pablo de la Torriente, |c 199, c1989 | |
| 300 | |a 48 p. | ||
| 336 | |a texto |b txt |2 rdacontenido | ||
| 337 | |a sin mediación |b n |2 rdamedio | ||
| 338 | |a volumen |b nc |2 rdasoporte | ||
| 649 | |a XX | ||
| 650 | |a Historietas y Caricaturas de Temas Políticos y Sociales - |z Perú | ||
| 650 | |a Historietas y Caricaturas Peruanas | ||
| 650 | |a Literatura Peruana - |y Siglo XX | ||
| 910 | |a Fondo Carlos Núñez Hurtado | ||
| 920 | |a Impresos - Libros | ||
| 930 | |a Fondos Especiales | ||
| 940 | |a Literatura | ||
| 905 | |a 117 | ||
| 901 | |a 0500291639 |b IT2 |c ESP |i D79892 |u 20250521 | ||
| 902 | |a https://opac.biblio.iteso.mx/vufind/Record/000395998 | ||